KOHA-Header-6

Nutritional sciences : (Record no. 13048)

000 -LEADER
fixed length control field 01222cam a2200313 a 4500
001 - CONTROL NUMBER
control field 16693739
003 - CONTROL NUMBER IDENTIFIER
control field MAJU-Karachi
005 - DATE AND TIME OF LATEST TRANSACTION
control field 20210519104912.0
008 - FIXED-LENGTH DATA ELEMENTS--GENERAL INFORMATION
fixed length control field 110316s2013 caua b 001 0 eng
010 ## - LIBRARY OF CONGRESS CONTROL NUMBER
LC control number 2011925356
020 ## - INTERNATIONAL STANDARD BOOK NUMBER
International Standard Book Number 0840058209
040 ## - CATALOGING SOURCE
Original cataloging agency DLC
Transcribing agency DLC
Modifying agency DLC
042 ## - AUTHENTICATION CODE
Authentication code pcc
050 00 - LIBRARY OF CONGRESS CALL NUMBER
Classification number QP141
Item number .M34 2013
100 1# - MAIN ENTRY--PERSONAL NAME
Personal name McGuire, Michelle.
245 10 - TITLE STATEMENT
Title Nutritional sciences :
Remainder of title from fundamentals to food /
Statement of responsibility, etc Michelle McGuire, Kathy A. Beerman.
250 ## - EDITION STATEMENT
Edition statement 3rd ed.
260 ## - PUBLICATION, DISTRIBUTION, ETC. (IMPRINT)
Place of publication, distribution, etc Belmont, CA :
Name of publisher, distributor, etc Wadsworth, Cengage Learning,
Date of publication, distribution, etc c2013.
300 ## - PHYSICAL DESCRIPTION
Extent 1 v. (various pagings) :
Other physical details col. ill. ;
Dimensions 29 cm.
504 ## - BIBLIOGRAPHY, ETC. NOTE
Bibliography, etc Includes bibliographical references and index.
650 #0 - SUBJECT ADDED ENTRY--TOPICAL TERM
Topical term or geographic name as entry element Nutrition
Form subdivision Textbooks.
700 1# - ADDED ENTRY--PERSONAL NAME
Personal name Beerman, Kathy A.
856 42 - ELECTRONIC LOCATION AND ACCESS
Materials specified Publisher description
Uniform Resource Identifier <a href="http://www.loc.gov/catdir/enhancements/fy1212/2011925356-d.html">http://www.loc.gov/catdir/enhancements/fy1212/2011925356-d.html</a>
856 41 - ELECTRONIC LOCATION AND ACCESS
Materials specified Table of contents only
Uniform Resource Identifier <a href="http://www.loc.gov/catdir/enhancements/fy1212/2011925356-t.html">http://www.loc.gov/catdir/enhancements/fy1212/2011925356-t.html</a>
856 42 - ELECTRONIC LOCATION AND ACCESS
Materials specified Contributor biographical information
Uniform Resource Identifier <a href="http://www.loc.gov/catdir/enhancements/fy1303/2011925356-b.html">http://www.loc.gov/catdir/enhancements/fy1303/2011925356-b.html</a>
906 ## - LOCAL DATA ELEMENT F, LDF (RLIN)
a 7
b cbc
c orignew
d 3
e epcn
f 20
g y-gencatlg
942 ## - ADDED ENTRY ELEMENTS (KOHA)
Source of classification or shelving scheme
Koha item type Bio Science
Holdings
Withdrawn status Lost status Source of classification or shelving scheme Damaged status Not for loan Collection code Permanent Location Current Location Shelving location Date acquired Total Checkouts Full call number Barcode Checked out Date last seen Date checked out Price effective from Koha item type
&nbsp; &nbsp; &nbsp; &nbsp; &nbsp; Bio Sciences MAJU MAJU Shelf No.A37 2021-05-19 1 613.2 10152 2026-02-22 2025-08-26 2025-08-26 2021-05-19 Bio Science

Powered by Koha